<?xml version="1.0" encoding="UTF-8"?>
<record
    xmlns:xsi="http://www.w3.org/2001/XMLSchema-instance"
    xsi:schemaLocation="http://www.loc.gov/MARC21/slim http://www.loc.gov/standards/marcxml/schema/MARC21slim.xsd"
    xmlns="http://www.loc.gov/MARC21/slim">

  <leader>02127cam a22002895i 4500</leader>
  <datafield tag="999" ind1=" " ind2=" ">
    <subfield code="c">27974</subfield>
    <subfield code="d">27945</subfield>
  </datafield>
  <controlfield tag="003">EG-ScBUE</controlfield>
  <controlfield tag="005">20200129105240.0</controlfield>
  <controlfield tag="008">200129s2018    ua     g      000 f ara d</controlfield>
  <datafield tag="017" ind1=" " ind2=" ">
    <subfield code="a">2017 / 21700</subfield>
  </datafield>
  <datafield tag="020" ind1=" " ind2=" ">
    <subfield code="a">9789776402867</subfield>
  </datafield>
  <datafield tag="040" ind1=" " ind2=" ">
    <subfield code="a">EG-ScBUE</subfield>
    <subfield code="b">ara</subfield>
    <subfield code="e">rda</subfield>
    <subfield code="c">EG-ScBUE</subfield>
    <subfield code="d">EG-ScBUE</subfield>
  </datafield>
  <datafield tag="082" ind1="0" ind2="4">
    <subfield code="a">892.736</subfield>
    <subfield code="b">&#x639; &#x628; &#x62F;</subfield>
    <subfield code="2">22</subfield>
  </datafield>
  <datafield tag="100" ind1="1" ind2=" ">
    <subfield code="a">&#x639;&#x628;&#x62F; &#x627;&#x644;&#x645;&#x62C;&#x64A;&#x62F;&#x60C; &#x625;&#x628;&#x631;&#x627;&#x647;&#x64A;&#x645;&#x60C;</subfield>
    <subfield code="d">1946-</subfield>
    <subfield code="e">&#x645;&#x624;&#x644;&#x641;.</subfield>
  </datafield>
  <datafield tag="245" ind1="1" ind2="0">
    <subfield code="a">&#x642;&#x628;&#x644; &#x623;&#x646; &#x623;&#x646;&#x633;&#x649; &#x623;&#x646;&#x64A; &#x643;&#x646;&#x62A; &#x647;&#x646;&#x627; :</subfield>
    <subfield code="b">&#x631;&#x648;&#x627;&#x64A;&#x629; /</subfield>
    <subfield code="c">&#x625;&#x628;&#x631;&#x627;&#x647;&#x64A;&#x645; &#x639;&#x628;&#x62F; &#x627;&#x644;&#x645;&#x62C;&#x64A;&#x62F;.</subfield>
  </datafield>
  <datafield tag="250" ind1=" " ind2=" ">
    <subfield code="a">&#x627;&#x644;&#x637;&#x628;&#x639;&#x629; &#x627;&#x644;&#x631;&#x627;&#x628;&#x639;&#x629;.</subfield>
  </datafield>
  <datafield tag="264" ind1=" " ind2="1">
    <subfield code="a">&#x627;&#x644;&#x642;&#x627;&#x647;&#x631;&#x629; :</subfield>
    <subfield code="b">&#x628;&#x64A;&#x62A; &#x627;&#x644;&#x64A;&#x627;&#x633;&#x645;&#x64A;&#x646; &#x644;&#x644;&#x646;&#x634;&#x631; &#x648;&#x627;&#x644;&#x62A;&#x648;&#x632;&#x64A;&#x639;&#x60C;</subfield>
    <subfield code="c">2018.</subfield>
  </datafield>
  <datafield tag="300" ind1=" " ind2=" ">
    <subfield code="a">187 &#x635;&#x641;&#x62D;&#x629; &#x61B;</subfield>
    <subfield code="c">22 &#x633;&#x645;</subfield>
  </datafield>
  <datafield tag="336" ind1=" " ind2=" ">
    <subfield code="a">&#x646;&#x635;</subfield>
    <subfield code="b">txt</subfield>
    <subfield code="2">rdacontent</subfield>
  </datafield>
  <datafield tag="337" ind1=" " ind2=" ">
    <subfield code="a">&#x628;&#x62F;&#x648;&#x646; &#x648;&#x633;&#x64A;&#x637;</subfield>
    <subfield code="b">n</subfield>
    <subfield code="2">rdamedia</subfield>
  </datafield>
  <datafield tag="338" ind1=" " ind2=" ">
    <subfield code="a">&#x645;&#x62C;&#x644;&#x62F;</subfield>
    <subfield code="b">nc</subfield>
    <subfield code="2">rdacarrier</subfield>
  </datafield>
  <datafield tag="520" ind1=" " ind2=" ">
    <subfield code="a">- &#x62A;&#x628;&#x62F;&#x623; &#x627;&#x644;&#x631;&#x648;&#x627;&#x64A;&#x629; &#x627;&#x644;&#x62A;&#x649; &#x64A;&#x645;&#x632;&#x62C; &#x641;&#x64A;&#x647;&#x627; &#x627;&#x644;&#x645;&#x624;&#x644;&#x641; &#x628;&#x64A;&#x646; &#x627;&#x644;&#x648;&#x627;&#x642;&#x639; &#x648;&#x627;&#x644;&#x641;&#x627;&#x646;&#x62A;&#x627;&#x632;&#x64A;&#x627; &#x628;&#x627;&#x644;&#x634;&#x627;&#x639;&#x631; &#x648;&#x627;&#x644;&#x635;&#x62D;&#x641;&#x649; &#x646;&#x648;&#x631; &#x642;&#x646;&#x62F;&#x64A;&#x644; &#x627;&#x644;&#x630;&#x649; &#x62A;&#x632;&#x648;&#x62C; &#x646;&#x62C;&#x648;&#x627;&#x646; &#x628;&#x639;&#x62F; &#x623;&#x646; &#x645;&#x627;&#x62A; &#x62D;&#x628;&#x64A;&#x628; &#x643;&#x644; &#x645;&#x646;&#x647;&#x645;&#x627; &#x623;&#x645;&#x627;&#x645; &#x639;&#x64A;&#x646;&#x64A;&#x647; &#x641;&#x649; &#x627;&#x644;&#x627;&#x646;&#x62A;&#x641;&#x627;&#x636;&#x629; &#x627;&#x644;&#x634;&#x639;&#x628;&#x64A;&#x629; &#x627;&#x644;&#x62A;&#x649; &#x623;&#x633;&#x642;&#x637;&#x62A; &#x646;&#x638;&#x627;&#x645; &#x62D;&#x643;&#x645; &#x62D;&#x633;&#x646;&#x649; &#x645;&#x628;&#x627;&#x631;&#x643;&#x60C; &#x64A;&#x62C;&#x62F; &#x643;&#x644; &#x645;&#x646;&#x647;&#x645;&#x627; &#x627;&#x644;&#x639;&#x632;&#x627;&#x621; &#x641;&#x649; &#x627;&#x644;&#x622;&#x62E;&#x631; &#x648;&#x64A;&#x646;&#x62C;&#x628;&#x627;&#x646; &#x627;&#x628;&#x646;&#x62A;&#x647;&#x645;&#x627; &#x627;&#x644;&#x648;&#x62D;&#x64A;&#x62F;&#x629; &#x646;&#x647;&#x627;&#x648;&#x646;&#x62F; &#x62D;&#x64A;&#x62B; "&#x627;&#x631;&#x62A;&#x641;&#x639;&#x62A; &#x627;&#x644;&#x623;&#x646;&#x638;&#x627;&#x631;&#x60C; &#x641;&#x643;&#x627;&#x646;&#x62A; &#x647;&#x646;&#x627;&#x643; &#x623;&#x634;&#x62C;&#x627;&#x631; &#x62A;&#x639;&#x628;&#x631; &#x62A;&#x62D;&#x62A; &#x627;&#x644;&#x633;&#x645;&#x627;&#x621; &#x625;&#x644;&#x649; &#x643;&#x644; &#x627;&#x62A;&#x62C;&#x627;&#x647;&#x60C; &#x648;&#x627;&#x631;&#x62A;&#x641;&#x639;&#x62A; &#x633;&#x627;&#x631;&#x64A;&#x646;&#x627;&#x62A; &#x627;&#x644;&#x633;&#x64A;&#x627;&#x631;&#x627;&#x62A; &#x648;&#x62E;&#x631;&#x62C; &#x628;&#x639;&#x636; &#x645;&#x646; &#x641;&#x64A;&#x647;&#x627; &#x623;&#x648; &#x631;&#x643;&#x646;&#x648;&#x647;&#x627; &#x625;&#x644;&#x649; &#x627;&#x644;&#x631;&#x635;&#x64A;&#x641; &#x648;&#x648;&#x642;&#x641;&#x648;&#x627; &#x62A;&#x62D;&#x62A; &#x628;&#x644;&#x643;&#x648;&#x646;&#x627;&#x62A; &#x627;&#x644;&#x639;&#x645;&#x627;&#x631;&#x627;&#x62A;&#x60C; &#x628;&#x64A;&#x646;&#x645;&#x627; &#x648;&#x642;&#x641; &#x622;&#x62E;&#x631;&#x648;&#x646; &#x62C;&#x648;&#x627;&#x631;&#x647;&#x627; &#x64A;&#x646;&#x638;&#x631;&#x648;&#x646; &#x625;&#x644;&#x649; &#x627;&#x644;&#x633;&#x645;&#x627;&#x621;&#x60C; &#x627;&#x631;&#x62A;&#x641;&#x639;&#x62A; &#x623;&#x635;&#x648;&#x627;&#x62A; &#x622;&#x630;&#x627;&#x646; &#x645;&#x646; &#x627;&#x644;&#x645;&#x633;&#x627;&#x62C;&#x62F; &#x627;&#x644;&#x628;&#x639;&#x64A;&#x62F;&#x629; &#x648;&#x627;&#x644;&#x642;&#x631;&#x64A;&#x628;&#x629; &#x62A;&#x635;&#x644; &#x625;&#x644;&#x64A;&#x646;&#x627;&#x60C; &#x648;&#x627;&#x645;&#x62A;&#x644;&#x623;&#x62A; &#x627;&#x644;&#x634;&#x631;&#x641;&#x627;&#x62A; &#x628;&#x646;&#x633;&#x627;&#x621; &#x648;&#x631;&#x62C;&#x627;&#x644; &#x648;&#x623;&#x637;&#x641;&#x627;&#x644; &#x64A;&#x62F;&#x62E;&#x644;&#x648;&#x646; &#x648;&#x64A;&#x639;&#x648;&#x62F;&#x648;&#x646; &#x628;&#x633;&#x631;&#x639;&#x629;&#x60C; &#x648;&#x644;&#x627; &#x623;&#x62D;&#x62F; &#x64A;&#x639;&#x631;&#x641; &#x647;&#x644; &#x64A;&#x636;&#x62D;&#x643;&#x648;&#x646; &#x623;&#x645; &#x64A;&#x635;&#x631;&#x62E;&#x648;&#x646;. &#x645;&#x646;&#x62F;&#x647;&#x634;&#x648;&#x646; &#x623;&#x645; &#x645;&#x631;&#x639;&#x648;&#x628;&#x648;&#x646;"</subfield>
  </datafield>
  <datafield tag="541" ind1=" " ind2=" ">
    <subfield code="a">Book Fair, 2020</subfield>
  </datafield>
  <datafield tag="650" ind1=" " ind2="7">
    <subfield code="a">&#x627;&#x644;&#x642;&#x635;&#x635; &#x627;&#x644;&#x639;&#x631;&#x628;&#x64A;&#x629;</subfield>
    <subfield code="y">&#x642;&#x631;&#x646; 21.</subfield>
    <subfield code="2">BUEsh</subfield>
  </datafield>
  <datafield tag="651" ind1=" " ind2=" ">
    <subfield code="2">BUEsh</subfield>
  </datafield>
  <datafield tag="653" ind1=" " ind2=" ">
    <subfield code="b">ARALIT</subfield>
    <subfield code="b">GGEN</subfield>
    <subfield code="c">January2020</subfield>
  </datafield>
  <datafield tag="942" ind1=" " ind2=" ">
    <subfield code="2">ddc</subfield>
  </datafield>
  <datafield tag="952" ind1=" " ind2=" ">
    <subfield code="0">0</subfield>
    <subfield code="1">0</subfield>
    <subfield code="2">ddc</subfield>
    <subfield code="4">0</subfield>
    <subfield code="7">0</subfield>
    <subfield code="a">MAIN</subfield>
    <subfield code="b">MAIN</subfield>
    <subfield code="c">2ND</subfield>
    <subfield code="d">2020-01-28</subfield>
    <subfield code="e">Purchase</subfield>
    <subfield code="g">45.00</subfield>
    <subfield code="h">000466</subfield>
    <subfield code="o">892.736 &#x639; &#x628; &#x62F;</subfield>
    <subfield code="p">000048542</subfield>
    <subfield code="r">2025-07-15 00:00:00</subfield>
    <subfield code="s">2021-01-14</subfield>
    <subfield code="v">56.25</subfield>
    <subfield code="y">BB</subfield>
  </datafield>
</record>
